000 00785cam a22002412 4500
001 0000003692
005 20151217145740.0
008 070514s xx 000 0 eng d
020 _a9966915206 :
040 _aKABU
_cKABU
050 0 _aKSK1734
_b.P46
245 1 4 _aThe People's voice :
_bwhat Kenyans say /
_ced. by Winnie V. Mitullah, Lawrence M. Mute, Jackson M. Mwalulu.
260 _aNairob :
_bClaripresss,
_c1997.
300 _av, 302 p.
650 0 _aPublic opinion.
_@0000153784
651 0 _aKenya
_xPolitics and government.
_@0000149793
700 1 _aMitullah, Winnie V.
_@0000153221
700 1 _aMute, Lawrence M.
_@0000153435
700 1 _aMwalulu Jackson M.
_@0000153785
908 _a070514
950 _@1
999 _c2218
_d2218